00000000nam##2200000za#4500
0019.641652
003CaOODSP
00520210624223324
007cr |||||||||||
008150407|1992||||xxc|||||o    f|0| 0 fre|d
040 |aCaOODSP|bfre
043 |an-cn---
0861 |aE94-29/9-1F-PDF
1101 |aCanada.|bAgence canadienne de développement international.
24513|aLa politique environnementale de l'ACDI en matière de développement durable |h[ressource électronique]
260 |aOttawa - Ontario : |bAgence canadienne de développement international |c1992, c1995.
300 |a15p.|bphotographies
500 |aLe n° de cat. (E94-29/9-1) et l'ISBN (0-662-59242-5) de l'édition imprimée biligue ont été incorrectement copiés dans l'édition pdf.
590 |a13-11-Supp|b2013-04-26
69107|aGestion de l'environnement|2gcpds
77508|tCIDA's policy for environmental sustainability |w(CaOODSP)9.697619
7760#|tCIDA's policy for environmental sustainability / |w(CaOODSP)9.653297
7760#|tLa politique environnementale de l'ACDI en matière de développement durable / |w(CaOODSP)9.653298
85640|ahttp://publications.gc.ca|qPDF|s1472 Ko|uhttps://publications.gc.ca/collections/collection_2013/acdi-cida/E94-29-9-1-fra.pdf